header

Sisters-in-law (Record no. 98048)

MARC details
000 -LEADER
fixed length control field 01333nam a22003494a 4500
082 04 - DEWEY DECIMAL CLASSIFICATION NUMBER
Classification number 340/.023/73
100 1# - MAIN ENTRY--AUTHOR NAME
Personal name Sherman, Lisa G.
245 10 - TITLE STATEMENT
Title Sisters-in-law
250 ## - EDITION STATEMENT
Edition statement 1st ed.
260 ## - PUBLICATION, DISTRIBUTION, ETC. (IMPRINT)
Place of publication Naperville, Ill. :
Name of publisher Sphinx Pub.,
Year of publication 2004.
300 ## - PHYSICAL DESCRIPTION
Number of Pages xxi, 261 p.
500 ## - GENERAL NOTE
General note Includes index.
650 #0 - SUBJECT ADDED ENTRY--TOPICAL TERM
Topical Term Women lawyers
Topical Term Practice of law
700 1# - ADDED ENTRY--PERSONAL NAME
Personal name Turchiano, Deborah.
Personal name Schecter, Jill R.
856 40 - ELECTRONIC LOCATION AND ACCESS
Uniform Resource Identifier http://site.ebrary.com/lib/rucke/Doc?id=10096070

No items available.

© 2026 Rongo University
Contact us: librarian | system librarian | Rongo university